Lighting (Record no. 105107)

MARC details
000 -LEADER
fixed length control field 01368cam a2200241 4500
001 - CONTROL NUMBER
control field ##L132365
008 - FIXED-LENGTH DATA ELEMENTS--GENERAL INFORMATION
fixed length control field 060125n2003 000 0 eng u
020 ## - INTERNATIONAL STANDARD BOOK NUMBER
International Standard Book Number 1903287324
035 ## - SYSTEM CONTROL NUMBER
System control number (Sirsi) u132365
041 0# - LANGUAGE CODE
Language code of text/sound track or separate title eng
050 04 - LIBRARY OF CONGRESS CALL NUMBER
Classification number 729.28 $2 18
110 2# - MAIN ENTRY--CORPORATE NAME
Corporate name or jurisdiction name as entry element The Chartered Institution of Building Services Engineers
9 (RLIN) 4877
245 00 - TITLE STATEMENT
Title Lighting
Remainder of title CIBSE commissioning code L
260 ## - PUBLICATION, DISTRIBUTION, ETC.
Place of publication, distribution, etc. London
Name of publisher, distributor, etc. CIBSE
Date of publication, distribution, etc. 2003
300 ## - PHYSICAL DESCRIPTION
Extent 25p
Dimensions 30cm.
350 ## - PRICE (NR) (BK AM CF MU VM SE) [OBSOLETE]
Price 43
520 ## - SUMMARY, ETC.
Summary, etc. Provides recommendations and guidance on current standards of good commissioning practice for effective operation of interior lighting systems. Discusses the commissioning of project management, pre-commissioning checks, commissioning itself, system handover and post-occupancy checks. Appendices contain hypothetical examples of lighting commissioning, checklists for the commissioning of lighting systems, an example commissioning statement for a lighting system with automatic controls, sample completion certificates, checklist of safety issues and notes concerning the design of lighting and lighting control systems.
650 24 - SUBJECT ADDED ENTRY--TOPICAL TERM
Topical term or geographic name entry element BUILDING REGULATIONS 2000 APPROVED DOCUMENT L2 (2002 EDITION)
690 ## - LOCAL SUBJECT ADDED ENTRY--TOPICAL TERM (OCLC, RLIN)
Topical term or geographic name as entry element BUILT ENVIRONMENT-BUILDING ELEMENTS-COMPLETE BUILDING SERVICES ELEMENTS-COMPLETE LIGHTING SYSTEMS
700 1# - ADDED ENTRY--PERSONAL NAME
Personal name Graves, Hilary
700 1# - ADDED ENTRY--PERSONAL NAME
Personal name Phillipson, Peter
942 ## - ADDED ENTRY ELEMENTS (KOHA)
Suppress in OPAC 0
Holdings
Withdrawn status Lost status Source of classification or shelving scheme Damaged status Not for loan Home library Current library Shelving location Date acquired Total Checkouts Full call number Barcode Date last seen Copy number Price effective from Koha item type
    Dewey Decimal Classification     London London RICS Boxes 07/02/2006   F729.28 CIB 30072428 06/08/2019 1 06/08/2019 Book